| 000 | 01010nam a22002531u 4500 | ||
|---|---|---|---|
| 001 | 12254 | ||
| 003 | HDC | ||
| 007 | cr bn --- | ||
| 008 | 210209p2003 my eng | ||
| 040 | _aHDC | ||
| 100 |
_aSahilah Abd. Mutalib, _eauthor _912743 |
||
| 245 | 0 |
_aMolecular typing among poultry isolates of Salmonella agona by PCR-based techniques and pulsed field gel electrophoresis (PFGE) / _cby Sahilah Abd. Mutalib, Son Radu, Lum Keng Yeang and Samuel Lihan |
|
| 260 |
_aSerdang : _bMalaysian Agricultural Research and Development Institute (MARDI), _c2003 |
||
| 300 | _a1 page | ||
| 336 |
_atext _2rdacontent |
||
| 337 |
_acomputer _2rdamedia |
||
| 338 |
_aonline resource _2rdacarrier |
||
| 650 |
_aPCR-ribotyping _912745 |
||
| 650 |
_aSalmonella agona _912744 |
||
| 856 | _zRequest full-text at [email protected] | ||
| 942 | _2lcc | ||
| 942 | _cAR | ||
| 942 | _kJART 003052 | ||
| 999 |
_c9577 _d9577 |
||